Follow that line: Gina Linetti edition 2 (brooklyn 99) Quiz Stats

 Plays Quiz not verified by Sporcle

Support Sporcle.
Go Orange.
Score 0/20 Timer 06:00
0 Plays Today
% Correct
It's like Tinder but for toddlers. Tinder for toddlers
96.8%
and talking to this woman, it could kill him
96.1%
so its called a meme-oir
95.6%
being a cop is a state of mind
95.6%
elegance and charm and grace and poise, and then just gif-ability
95.2%
Thor 4: More Thor. I gotta take this
95%
it rhymes because it's true
93.7%
there was plenty of room on that door
93.1%
and the ring bearer will be an actual wolf
92.1%
drag queen dim sum
91.7%
% Correct
It's a gig economy, Amy
91.5%
Gina Linetti will never dance again
91.5%
For instance, the kind Jen Aniston might wear
91.1%
I'm going to meet him in an illegal dance competition in an abandoned subway tunnel
90.9%
Except for me, but I'm wired to thrive on dysfunction
90.6%
would be the easiest path to launching my reality show, 'Linetti, Set, Go'
90.3%
so you might want to keep off the net
88.5%
your coworker who hates you?
88.2%
trying to suck my soul and redeem it for frequent flyer miles
86.4%
Here's what I'm picturing: I enter, in, like, a Fellini-style getup. Rosa's dressed like a porcupine
77.9%

You're not logged in!

Compare scores with friends on all Sporcle quizzes.
OR
Log In

From the Vault

Where Is That 'A' City?

by geronimostilton

That pesky city has to be somewhere.
Remove Ads.
Support Sporcle.
Get the best of Sporcle when you Go Orange. This ad-free experience offers more features, more stats, and more fun while also helping to support Sporcle. Thank you for becoming a member.

Show Comments

Extras

Top Quizzes Today


Score Distribution

Your Account Isn't Verified!

In order to create a playlist on Sporcle, you need to verify the email address you used during registration. Go to your Sporcle Settings to finish the process.

Report this User

Report this user for behavior that violates our Community Guidelines.

Details: